[Event "Aimchess Meltwater Champions"]
[Site "chess24.com INT"]
[Date "2022.10.15"]
[Round "6.6"]
[White "Jan-Krzysztof Duda"]
[Black "Richard Rapport"]
[Result "1-0"]
[EventDate "2022.10.14"]
[WhiteElo "2731"]
[BlackElo "2754"]
[PlyCount "82"]

1. d4 Nf6 2. c4 g6 3. Nc3 Bg7 4. e4 d6 5. f3 a6 6. Be3 c6 7. a4 a5 8. Bd3 e5 9. d5 Na6 10. Nge2 Nd7 11. O-O O-O 12. Rc1 f5 13. exf5 gxf5 14. Bb1 c5 15. g4 Nb6 16. b3 fxg4 17. fxg4 Rxf1+ 18. Qxf1 Bxg4 19. Ne4 Qd7 20. Ng5 Rf8 21. Bxh7+ Kh8 22. Qg2 Bh6 23. Be4 Bh3 24. Qg3 Qg4 25. Qxg4 Bxg4 26. Ng3 Nd7 27. h3 Bxh3 28. Kh2 Bg4 29. Kg2 Bxg5 30. Bxg5 Kg7 31. Be7 Rh8 32. Bxd6 Bh3+ 33. Kf3 Kf7 34. Rh1 Rh6 35. Bf5 Rxd6 36. Rxh3 Nf6 37. Be6+ Kg6 38. Ne4 Nxe4 39. Kxe4 Rb6 40. Kxe5 Nb4 41. Rg3+ 1-0

[Event "Aimchess Meltwater Champions"]
[Site "chess24.com INT"]
[Date "2022.10.15"]
[Round "7.4"]
[White "Anton Guijarro, David"]
[Black "Jan-Krzysztof Duda"]
[Result "1/2-1/2"]
[EventDate "2022.10.14"]
[WhiteElo "2655"]
[BlackElo "2731"]
[PlyCount "130"]

1. e4 e5 2. Nc3 Nf6 3. d4 exd4 4. Qxd4 Nc6 5. Qd3 d5 6. Bf4 dxe4 7. Qxd8+ Kxd8 8. O-O-O+ Bd7 9. Bc4 Bc5 10. Bxf7 Rf8 11. Be6 Kc8 12. Bxd7+ Nxd7 13. Nh3 Bxf2 14. Nxf2 Rxf4 15. Nfxe4 Nce5 16. g3 Rg4 17. h3 Rg6 18. Nd5 Ra6 19. a3 b6 20. Nec3 Ra5 21. a4 Rc5 22. Rhe1 Kb7 23. Re4 Rf8 24. Rde1 Rf3 25. Rxe5 Nxe5 26. Rxe5 Rxg3 27. Re7 h5 28. h4 g5 29. hxg5 Rxg5 30. Nf4 Rc4 31. Ne6 Rg2 32. Rh7 h4 33. Rh6 Kc8 34. Kb1 Kd7 35. Ka2 Rf2 36. Ng5 Rff4 37. Rh7+ Kd6 38. Kb3 Ke5 39. Nf3+ Kf5 40. Nd5 Kg6 41. Nxf4+ Rxf4 42. Rxh4 Rxf3+ 43. c3 Rf7 44. Re4 Kf5 45. Re2 Rh7 46. Kc4 c6 47. Re8 Rh4+ 48. Kb3 b5 49. axb5 cxb5 50. Ra8 Ra4 51. Re8 a6 52. Re2 Rc4 53. Kc2 Re4 54. Rh2 Ke5 55. Rh6 Ra4 56. b4 Kd5 57. Kb2 a5 58. Kb3 axb4 59. cxb4 Ra1 60. Rh5+ Kc6 61. Rh6+ Kb7 62. Rh7+ Kb6 63. Rh6+ Kb7 64. Rh7+ Kb6 65. Rh6+ Kb7 1/2-1/2

[Event "Aimchess Meltwater Champions"]
[Site "chess24.com INT"]
[Date "2022.10.14"]
[Round "1.1"]
[White "Jan-Krzysztof Duda"]
[Black "Anish Giri"]
[Result "1/2-1/2"]
[EventDate "2022.10.14"]
[WhiteElo "2731"]
[BlackElo "2764"]
[PlyCount "104"]

1. Nf3 d5 2. d4 Nf6 3. c4 e6 4. g3 Be7 5. Bg2 O-O 6. O-O dxc4 7. Qc2 a6 8. a4 Bd7 9. Qxc4 Bc6 10. Bf4 Bd6 11. Qc1 h6 12. Rd1 Nbd7 13. Nc3 Nd5 14. Bd2 N7f6 15. Ne1 Qe8 16. a5 Rd8 17. Nd3 Nxc3 18. Bxc3 Bxg2 19. Kxg2 Qb5 20. f3 Nd5 21. e4 Nxc3 22. bxc3 Qc4 23. Qc2 b5 24. axb6 cxb6 25. Ra4 Qc8 26. Qb3 b5 27. Ra2 Qc6 28. e5 Be7 29. Nf2 Rc8 30. Ne4 Rfd8 31. Rda1 b4 32. Rxa6 Qd5 33. Qxd5 exd5 34. Nd6 Bxd6 35. Rxd6 Rxd6 36. exd6 bxc3 37. Rc1 Kf8 38. d7 Rd8 39. Rxc3 Ke7 40. g4 Rxd7 41. Kg3 g5 42. h4 Rb7 43. h5 Rb4 44. Rd3 Ke6 45. f4 gxf4+ 46. Kxf4 f6 47. Rd1 Ra4 48. Rd2 Rb4 49. Rd1 Ra4 50. Rd3 Rb4 51. Re3+ Kf7 52. Rd3 Ke6 1/2-1/2

[Event "Aimchess Meltwater Champions"]
[Site "chess24.com INT"]
[Date "2022.10.14"]
[Round "2.8"]
[White "Jan-Krzysztof Duda"]
[Black "Shakhriyar Mamedyarov"]
[Result "1-0"]
[EventDate "2022.10.14"]
[WhiteElo "2731"]
[BlackElo "2747"]
[PlyCount "142"]

1. Nf3 Nf6 2. c4 e6 3. d4 d5 4. g3 dxc4 5. Bg2 Bb4+ 6. Bd2 a5 7. Qc2 b5 8. a4 c6 9. axb5 Bxd2+ 10. Nfxd2 Qxd4 11. Qxc4 Qxc4 12. Nxc4 Nd5 13. Bxd5 cxd5 14. Nb6 Ra7 15. Nxc8 Rc7 16. Kd2 Rxc8 17. Rxa5 Nd7 18. Nc3 Ke7 19. Ra7 d4 20. Ne4 f5 21. Ng5 Rc5 22. Ra6 Nf8 23. Rc1 Rxb5 24. Rc7+ Kf6 25. f4 Rxb2+ 26. Kd3 Rg8 27. Rc8 Rb3+ 28. Kxd4 Kg6 29. Raa8 e5+ 30. Kc4 Re3 31. Rxf8 Rxf8 32. Rxf8 exf4 33. gxf4 Rxe2 34. h4 Rf2 35. Ne6 Rh2 36. Nd4 Rxh4 37. Rxf5 Rh1 38. Kd3 Rd1+ 39. Ke3 Re1+ 40. Kf3 Kh6 41. Re5 Rf1+ 42. Kg3 g6 43. Nf3 Kg7 44. Re7+ Kg8 45. Kg2 Ra1 46. Ne5 Ra6 47. Kg3 h6 48. Kg4 Rf6 49. Re8+ Kg7 50. Re7+ Kg8 51. Ra7 Rb6 52. Rc7 Rf6 53. Rb7 Ra6 54. Rd7 Rf6 55. Rc7 Ra6 56. Nf7 Kg7 57. Ne5+ Kg8 58. Kf3 Ra3+ 59. Ke4 Ra4+ 60. Rc4 Rxc4+ 61. Nxc4 Kf7 62. Ke5 Kg7 63. Ne3 Kf7 64. Ng4 Kg7 65. Ke6 h5 66. Nf2 h4 67. Ke5 Kh6 68. Ke4 Kh5 69. Kf3 g5 70. f5 h3 71. f6 1-0

[Event "Julius Baer Generation Cup"]
[Site "chess24.com INT"]
[Date "2022.09.21"]
[Round "15.6"]
[White "Hans Moke Niemann"]
[Black "Jan-Krzysztof Duda"]
[Result "1-0"]
[EventDate "2022.09.18"]
[WhiteElo "2688"]
[BlackElo "2731"]
[PlyCount "112"]

1. e4 c5 2. Nf3 d6 3. Bb5+ Nd7 4. a4 Nf6 5. Nc3 g6 6. a5 Bg7 7. O-O a6 8. Be2 O-O 9. d3 Nb8 10. e5 dxe5 11. Nxe5 Be6 12. Bf3 Nd5 13. Re1 Nxc3 14. bxc3 Nc6 15. Bxc6 bxc6 16. Bf4 Qc8 17. c4 g5 18. Bd2 f6 19. Nf3 g4 20. Nh4 Re8 21. Qe2 Bf7 22. f3 h5 23. fxg4 hxg4 24. Qf2 e6 25. Bc3 e5 26. Nf5 Qe6 27. Rab1 Bg6 28. Nxg7 Kxg7 29. Qxc5 Bf5 30. Rb6 Qe7 31. Qf2 Qd7 32. Rf1 Kg6 33. d4 exd4 34. Bxd4 Re4 35. c3 Rf8 36. Rb7 Qe6 37. Qh4 Rf7 38. Rb8 Rh7 39. Qg3 Re2 40. Qf4 Be4 41. Qxf6+ Qxf6 42. Rxf6+ Kh5 43. Re8 Rxg2+ 44. Kf1 Bf3 45. Re5+ Kh4 46. Bf2+ Kh3 47. Rff5 g3 48. Rxf3 Kxh2 49. Be3 Kh1 50. Rg5 Rb7 51. Rh5+ Rh2 52. Rxh2+ gxh2 53. Bf4 c5 54. Rh3 Rb1+ 55. Ke2 Rb2+ 56. Kd3 1-0

[Event "FTX Crypto Cup"]
[Site "Miami, FL USA"]
[Date "2022.08.21"]
[Round "7.1"]
[White "Jan-Krzysztof Duda"]
[Black "Anish Giri"]
[Result "1-0"]
[EventDate "2022.08.15"]
[WhiteElo "2740"]
[BlackElo "2760"]
[PlyCount "108"]

1. e4 e5 2. Nf3 Nc6 3. Bb5 Nf6 4. O-O Nxe4 5. d4 Nd6 6. Bxc6 dxc6 7. dxe5 Nf5 8. Qxd8+ Kxd8 9. h3 Ke8 10. Nc3 h5 11. Bf4 Be7 12. Ne4 Be6 13. Rfe1 Rd8 14. Nfg5 Nd4 15. Nxe6 Nxe6 16. Be3 h4 17. Rad1 Rxd1 18. Rxd1 Rh5 19. f4 f5 20. g4 hxg3 21. Nxg3 Rxh3 22. Kg2 Rh8 23. Nxf5 g6 24. Nd4 Nxd4 25. Bxd4 Rf8 26. Be3 g5 27. fxg5 Rg8 28. Kf3 Bxg5 29. Bxa7 b6 30. a4 Rf8+ 31. Kg4 Be7 32. Bb8 Bd8 33. b4 Rf2 34. a5 bxa5 35. bxa5 Rxc2 36. Kf5 Rb2 37. Ba7 Ra2 38. Ke6 Rxa5 39. Rh1 Kf8 40. Rh8+ Kg7 41. Rxd8 Rxa7 42. Kd7 Ra5 43. e6 Rd5+ 44. Kxc7 Re5 45. Kd7 Rd5+ 46. Ke8 Ra5 47. e7 Ra7 48. Rd1 Kf6 49. Rd6+ Kg7 50. Re6 c5 51. Kd8 Ra8+ 52. Kd7 Ra7+ 53. Kd6 Ra6+ 54. Kd5 1-0

[Event "FTX Crypto Cup"]
[Site "Miami, FL USA"]
[Date "2022.08.21"]
[Round "7.2"]
[White "Anish Giri"]
[Black "Jan-Krzysztof Duda"]
[Result "0-1"]
[EventDate "2022.08.15"]
[WhiteElo "2760"]
[BlackElo "2740"]
[PlyCount "52"]

1. c4 e6 2. Nc3 Nf6 3. e4 d5 4. e5 d4 5. exf6 dxc3 6. bxc3 Qxf6 7. Nf3 c5 8. d4 h6 9. Bd3 Nc6 10. Rb1 cxd4 11. cxd4 Nxd4 12. Nxd4 Qxd4 13. Bb2 Bb4+ 14. Kf1 Bc3 15. Ba3 Bd7 16. Rxb7 g5 17. Qb1 Rd8 18. h4 g4 19. h5 Rg8 20. g3 Rg5 21. Be2 Re5 22. Rh4 Rxe2 23. Kxe2 Qxc4+ 24. Qd3 Qxa2+ 25. Kf1 Qxa3 26. Rxg4 Qc1+ 0-1

[Event "FTX Crypto Cup"]
[Site "Miami, FL USA"]
[Date "2022.08.21"]
[Round "7.3"]
[White "Jan-Krzysztof Duda"]
[Black "Anish Giri"]
[Result "1/2-1/2"]
[EventDate "2022.08.15"]
[WhiteElo "2740"]
[BlackElo "2760"]
[PlyCount "66"]

1. e4 c5 2. Nf3 d6 3. Bb5+ Nd7 4. d4 cxd4 5. Qxd4 a6 6. Bxd7+ Bxd7 7. Nc3 Nf6 8. Bg5 e6 9. e5 dxe5 10. Nxe5 Bb5 11. Qxd8+ Rxd8 12. Nxb5 axb5 13. Bxf6 gxf6 14. Nd3 Rg8 15. g3 Rg5 16. a3 Rgd5 17. Ke2 e5 18. Rhd1 f5 19. f4 e4 20. Nb4 Rxd1 21. Rxd1 Rxd1 22. Kxd1 Kd7 23. Nd5 Kd6 24. Ne3 Ke6 25. c3 Bc5 26. Ke2 h5 27. h4 Bxe3 28. Kxe3 Kd5 29. b3 Kc5 30. Ke2 Kd5 31. Ke3 Kc5 32. Ke2 Kd5 33. Ke3 1/2-1/2

[Event "FTX Crypto Cup"]
[Site "Miami, FL USA"]
[Date "2022.08.19"]
[Round "5.1"]
[White "Jan-Krzysztof Duda"]
[Black "Magnus Carlsen"]
[Result "1-0"]
[EventDate "2022.08.15"]
[WhiteElo "2740"]
[BlackElo "2864"]
[PlyCount "76"]

1. d4 Nf6 2. c4 e6 3. Nf3 Bb4+ 4. Bd2 Bxd2+ 5. Qxd2 d5 6. g3 c6 7. Bg2 Nbd7 8. O-O dxc4 9. a4 O-O 10. a5 b5 11. axb6 Qxb6 12. Rc1 Rb8 13. Na3 Ba6 14. Nxc4 Bxc4 15. Rxc4 Qxb2 16. Qxb2 Rxb2 17. Bf1 Rc8 18. Rxa7 g6 19. Rc1 h5 20. e4 Rd8 21. Rxc6 Nxe4 22. Rcc7 Rxf2 23. Ng5 Nxg5 24. Kxf2 Nf6 25. Ke2 Nd5 26. Rd7 Rc8 27. h4 Rc2+ 28. Kd3 Nb4+ 29. Ke3 Rc3+ 30. Kf4 Rf3+ 31. Kxg5 Kg7 32. Bh3 Nd3 33. g4 Nf2 34. gxh5 Nxh3+ 35. Kg4 Ng1 36. hxg6 Kxg6 37. h5+ Kg7 38. Ra1 1-0

[Event "FTX Crypto Cup"]
[Site "Miami, FL USA"]
[Date "2022.08.19"]
[Round "5.2"]
[White "Magnus Carlsen"]
[Black "Jan-Krzysztof Duda"]
[Result "0-1"]
[EventDate "2022.08.15"]
[WhiteElo "2864"]
[BlackElo "2740"]
[PlyCount "68"]

1. e4 e5 2. Nf3 Nc6 3. Bb5 Nf6 4. d3 Bc5 5. Bxc6 dxc6 6. Nbd2 Nd7 7. Nf1 O-O 8. g4 Re8 9. Ne3 a5 10. Rg1 Nf8 11. h4 a4 12. Nf5 b5 13. Bg5 f6 14. Bd2 Kh8 15. g5 Bxf5 16. exf5 e4 17. dxe4 Rxe4+ 18. Kf1 Qd5 19. gxf6 gxf6 20. Bc3 Qxf5 21. Rg5 Qh3+ 22. Kg1 Rg4+ 23. Rxg4 Qxg4+ 24. Kh1 Nd7 25. Nh2 Qxh4 26. Qxd7 Bd6 27. Kg2 Qxh2+ 28. Kf1 Qh1+ 29. Ke2 Qe4+ 30. Kf1 Qc4+ 31. Ke1 Rf8 32. Rd1 Qe4+ 33. Kf1 Qh1+ 34. Ke2 Qh5+ 0-1

[Event "FTX Crypto Cup"]
[Site "Miami, FL USA"]
[Date "2022.08.19"]
[Round "5.4"]
[White "Magnus Carlsen"]
[Black "Jan-Krzysztof Duda"]
[Result "1-0"]
[EventDate "2022.08.15"]
[WhiteElo "2864"]
[BlackElo "2740"]
[PlyCount "128"]

1. d4 Nf6 2. Nf3 d5 3. a3 a6 4. Bf4 Bf5 5. e3 e6 6. c4 Bd6 7. Bg5 Nbd7 8. Nc3 c6 9. Be2 h6 10. Bh4 O-O 11. O-O Re8 12. b4 Qb8 13. Bg3 Ne4 14. Nxe4 Bxe4 15. Nd2 Bg6 16. Nb3 Bxg3 17. hxg3 Nf6 18. Rc1 Re7 19. a4 e5 20. dxe5 Qxe5 21. Qd4 Qxd4 22. Nxd4 dxc4 23. Rxc4 Be4 24. f3 Bd5 25. Rc3 Rae8 26. Kf2 h5 27. Rd1 g6 28. Nc2 Kg7 29. Rd4 Kf8 30. a5 Nd7 31. e4 Be6 32. Ne1 f5 33. Bd3 fxe4 34. Rxe4 Nf6 35. Re2 Nd5 36. Rc4 Bf7 37. Rxe7 Rxe7 38. Be4 Nc7 39. Rc2 Kg7 40. Nd3 Kf6 41. Rd2 Ne6 42. Ke3 Rc7 43. f4 Be8 44. Ne5 g5 45. Rd6 Ke7 46. Nc4 Rd7 47. Rxd7+ Bxd7 48. Ne5 Be8 49. Nd3 Kd6 50. f5 Nc7 51. Nc5 Ke5 52. Nd3+ Kd6 53. Bf3 Bf7 54. Nc5 Ke5 55. Nxb7 Nd5+ 56. Bxd5 Bxd5 57. Nc5 Bc4 58. Ne4 Bf1 59. f6 Ke6 60. Kf2 Bc4 61. f7 Ke7 62. Nxg5 Bd5 63. g4 hxg4 64. Kg3 1-0

[Event "FTX Crypto Cup"]
[Site "Miami, FL USA"]
[Date "2022.08.19"]
[Round "5.5"]
[White "Magnus Carlsen"]
[Black "Jan-Krzysztof Duda"]
[Result "0-1"]
[EventDate "2022.08.15"]
[WhiteElo "2864"]
[BlackElo "2740"]
[PlyCount "86"]

1. b3 Nf6 2. Bb2 d5 3. e3 Bf5 4. Bxf6 gxf6 5. g3 e6 6. Bg2 c6 7. Nf3 Nd7 8. O-O Bg6 9. Nh4 Be7 10. d4 h5 11. Nd2 f5 12. Ndf3 O-O 13. c4 a5 14. Bh3 Kg7 15. a3 Nf6 16. Qc2 Ne4 17. Rfc1 Bh7 18. Qb2 b5 19. cxd5 cxd5 20. Ng2 Rh8 21. Rc6 Bg8 22. Nf4 h4 23. g4 fxg4 24. Bxg4 Bd6 25. Ne5 Rh6 26. f3 Ng5 27. Kh1 f6 28. Rg1 fxe5 29. dxe5 Be7 30. Bxe6 Kf8 31. Bxg8 Rxc6 32. Bxd5 Rac8 33. Qb1 Rc2 34. Qd1 Ke8 35. Qd3 Qb6 36. Be4 Rc1 37. Bg6+ Kf8 38. Qf5+ Kg7 39. Nd5 Rxg1+ 40. Kxg1 Rc1+ 41. Kf2 Qxg6 42. Nxe7 Nh3+ 43. Ke2 Qg2+ 0-1

[Event "FTX Crypto Cup"]
[Site "Miami, FL USA"]
[Date "2022.08.19"]
[Round "5.6"]
[White "Jan-Krzysztof Duda"]
[Black "Magnus Carlsen"]
[Result "1-0"]
[EventDate "2022.08.15"]
[WhiteElo "2740"]
[BlackElo "2864"]
[PlyCount "106"]

1. d4 Nf6 2. Bg5 e6 3. e4 h6 4. Bxf6 Qxf6 5. c3 e5 6. Nf3 d6 7. Nbd2 Nd7 8. g3 Nb6 9. Bg2 Be7 10. O-O O-O 11. a4 a5 12. Re1 Re8 13. Nf1 Bf8 14. Ne3 exd4 15. Nxd4 c6 16. f4 g6 17. h4 h5 18. Kh2 Bg7 19. Qc2 Qd8 20. Rad1 Qc7 21. Nf3 Nd7 22. Nc4 Bf8 23. Bh3 Nc5 24. Bxc8 Raxc8 25. e5 d5 26. Ncd2 Qd7 27. b4 axb4 28. cxb4 Na6 29. Ne4 Be7 30. Neg5 Nxb4 31. Qb2 Qg4 32. Rf1 c5 33. Rd2 Qf5 34. Re2 d4 35. e6 f6 36. Nf7 Kg7 37. Qd2 d3 38. Ree1 c4 39. Nd4 Qd5 40. f5 Rh8 41. Qf4 Nc6 42. Nb5 Qxf5 43. Qxf5 gxf5 44. Nxh8 Rxh8 45. Rxf5 Rd8 46. Rb1 Kg6 47. Rf4 Ne5 48. Nc3 d2 49. Rxb7 Rd3 50. Nd1 c3 51. Rc7 Bb4 52. Rxb4 Nf3+ 53. Kh1 1-0

[Event "FTX Crypto Cup"]
[Site "Miami, FL USA"]
[Date "2022.08.16"]
[Round "2.1"]
[White "Jan-Krzysztof Duda"]
[Black "Levon Aronian"]
[Result "0-1"]
[EventDate "2022.08.15"]
[WhiteElo "2740"]
[BlackElo "2775"]
[PlyCount "92"]

1. e4 e5 2. Nf3 Nc6 3. Bc4 Nf6 4. d3 Be7 5. Nc3 O-O 6. O-O d6 7. a4 Bg4 8. h3 Bh5 9. Be3 Qc8 10. a5 a6 11. Nd5 Nxd5 12. Bxd5 Kh8 13. g4 Bg6 14. Nh2 Nd8 15. f4 exf4 16. Bxf4 c6 17. Bb3 d5 18. exd5 cxd5 19. Be3 Bc5 20. d4 Bd6 21. Nf3 Ne6 22. Nh4 Be4 23. Nf5 Bc7 24. c4 dxc4 25. Bxc4 Bh2+ 26. Kxh2 Qxc4 27. Rc1 Qd5 28. Qd2 Rac8 29. Ng3 Bg6 30. h4 h6 31. h5 Rxc1 32. Rxc1 Be4 33. Bxh6 gxh6 34. Qxh6+ Kg8 35. Nf5 Re8 36. Rg1 Qd8 37. Rg3 Bc6 38. Rg1 Qg5 39. Kg3 Qxh6 40. Nxh6+ Kg7 41. Nf5+ Kh7 42. Nd6 Re7 43. Rf1 Kg8 44. Nf5 Rd7 45. Kh4 Nxd4 46. Nh6+ Kg7 0-1

[Event "FTX Crypto Cup"]
[Site "Miami, FL USA"]
[Date "2022.08.16"]
[Round "2.2"]
[White "Levon Aronian"]
[Black "Jan-Krzysztof Duda"]
[Result "0-1"]
[EventDate "2022.08.15"]
[WhiteElo "2775"]
[BlackElo "2740"]
[PlyCount "170"]

1. c4 e6 2. Nc3 d5 3. d4 c6 4. e3 Nf6 5. Bd2 Nbd7 6. Rc1 Be7 7. Bd3 a6 8. cxd5 exd5 9. Nge2 O-O 10. O-O Re8 11. Ng3 Nf8 12. Nce2 g6 13. Nf4 h5 14. Nge2 Ne4 15. Be1 Nd6 16. f3 Bf5 17. Bf2 Bg5 18. Re1 Ne6 19. b3 Nxf4 20. Nxf4 Bxf4 21. exf4 Rxe1+ 22. Bxe1 Bxd3 23. Qxd3 Qf6 24. g3 Re8 25. Bf2 Nf5 26. Qd2 Re6 27. Kg2 Qe7 28. Kf1 Kf8 29. Re1 Rxe1+ 30. Bxe1 Ke8 31. Bf2 Kd7 32. h3 Ng7 33. g4 f5 34. g5 Ne6 35. h4 Qa3 36. Kg2 a5 37. Kg3 Qd6 38. Be3 Qb4 39. Qd3 Qe1+ 40. Bf2 Qc1 41. Be3 Qb2 42. a4 Kc7 43. Bf2 Qc1 44. Be3 Qb2 45. Bf2 Kd6 46. Qe3 Kd7 47. Qe5 Qd2 48. Qb8 Qb4 49. Qg8 Nf8 50. Qg7+ Qe7 51. Qh8 Ke8 52. Kg2 Kf7 53. Qe5 Qxe5 54. fxe5 Ne6 55. Kf1 Ke7 56. Ke2 Kd7 57. Kd3 b5 58. Be3 f4 59. Bf2 Kc7 60. Be1 Kb6 61. Bf2 Ka6 62. Kc3 Kb7 63. Kd3 Kc8 64. Kc3 b4+ 65. Kd3 Ng7 66. Be1 Nf5 67. Bd2 Kd7 68. Bxf4 Nxh4 69. Ke2 Ke6 70. Be3 Nf5 71. f4 Ng7 72. Kf3 Kf5 73. Bf2 Ne6 74. Be3 Nc7 75. Bf2 Ne6 76. Be3 c5 77. dxc5 d4 78. Bf2 Nxc5 79. Bxd4 Nxb3 80. Bf2 Nd2+ 81. Ke3 Ne4 82. Be1 Nc5 83. Kd4 Nxa4 84. Bf2 b3 85. Kd3 b2 0-1

[Event "FTX Crypto Cup"]
[Site "Miami, FL USA"]
[Date "2022.08.16"]
[Round "2.3"]
[White "Jan-Krzysztof Duda"]
[Black "Levon Aronian"]
[Result "1/2-1/2"]
[EventDate "2022.08.15"]
[WhiteElo "2740"]
[BlackElo "2775"]
[PlyCount "68"]

1. e4 e5 2. Nf3 Nc6 3. Bc4 Nf6 4. d3 Be7 5. Nc3 O-O 6. O-O d6 7. a4 Na5 8. Ba2 c5 9. Bg5 Nc6 10. Bxf6 Bxf6 11. Nd5 g6 12. c3 a5 13. Nd2 Be6 14. Re1 Bg5 15. Nf1 Kg7 16. Bc4 Ne7 17. Nxe7 Qxe7 18. Qb3 Rab8 19. Rad1 Bg4 20. f3 Bd7 21. Ne3 Qe8 22. Ra1 Qd8 23. Nd5 Bc6 24. Qb6 Qxb6 25. Nxb6 Bd8 26. Nd5 f5 27. Kf1 h5 28. Ke2 h4 29. h3 Kh6 30. Reb1 Ra8 31. Ne3 Bg5 32. Nd5 Bd8 33. Ne3 Bg5 34. Nd5 Bd8 1/2-1/2

[Event "FTX Crypto Cup"]
[Site "Miami, FL USA"]
[Date "2022.08.16"]
[Round "2.4"]
[White "Levon Aronian"]
[Black "Jan-Krzysztof Duda"]
[Result "1/2-1/2"]
[EventDate "2022.08.15"]
[WhiteElo "2775"]
[BlackElo "2740"]
[PlyCount "110"]

1. d4 d5 2. Nf3 Nf6 3. c3 e6 4. Bf4 c5 5. e3 Qb6 6. Qb3 Be7 7. Nbd2 O-O 8. Be2 Bd7 9. O-O Rc8 10. Ne5 Be8 11. Bg5 h6 12. Bh4 Nc6 13. f4 cxd4 14. Qxb6 axb6 15. exd4 Ne4 16. Nxe4 Bxh4 17. Nd6 Rc7 18. Nxe8 Rxe8 19. Bb5 Ra8 20. a3 g6 21. g4 Nxe5 22. fxe5 Kg7 23. Rf3 Rf8 24. Kg2 f6 25. exf6+ Rxf6 26. Rxf6 Kxf6 27. Kh3 Kg5 28. Rf1 Re7 29. Bd3 e5 30. Bxg6 exd4 31. Rf5+ Kxg6 32. Kxh4 dxc3 33. bxc3 Re3 34. Rxd5 Rxc3 35. Rd6+ Kg7 36. Rxb6 Rxa3 37. Rxb7+ Kg6 38. Rb6+ Kg7 39. Rb1 Kg6 40. Rg1 Ra2 41. h3 h5 42. Rg3 hxg4 43. hxg4 Rh2+ 44. Rh3 Rxh3+ 45. Kxh3 Kg5 46. Kg3 Kg6 47. Kh4 Kh6 48. g5+ Kg6 49. Kg4 Kg7 50. Kf5 Kf7 51. g6+ Kg7 52. Kg5 Kg8 53. Kh6 Kh8 54. g7+ Kg8 55. Kg6 1/2-1/2

[Event "FTX Crypto Cup"]
[Site "Miami, FL USA"]
[Date "2022.08.16"]
[Round "2.5"]
[White "Jan-Krzysztof Duda"]
[Black "Levon Aronian"]
[Result "1/2-1/2"]
[EventDate "2022.08.15"]
[WhiteElo "2740"]
[BlackElo "2775"]
[PlyCount "112"]

1. e4 e5 2. Nf3 Nc6 3. Bc4 Nf6 4. d4 exd4 5. e5 d5 6. Bb5 Nd7 7. O-O Be7 8. Bxc6 bxc6 9. Nxd4 Nb8 10. Qf3 c5 11. Nf5 Bxf5 12. Qxf5 Qd7 13. Qh5 Nc6 14. c3 O-O 15. Nd2 f6 16. exf6 Bxf6 17. Nb3 c4 18. Nc5 Qf7 19. Qxf7+ Rxf7 20. Rd1 d4 21. Ne4 Be5 22. f4 Bxf4 23. cxd4 Re8 24. Re1 Rd8 25. Ng5 Bxg5 26. Bxg5 Rxd4 27. Rac1 h6 28. Be3 Re4 29. Bd2 Rfe7 30. Rxe4 Rxe4 31. Bc3 Nd4 32. Bxd4 Rxd4 33. b3 Kf7 34. Kf2 Ke6 35. Ke3 Rg4 36. Kf3 Rd4 37. Ke3 Kd5 38. Rf1 cxb3 39. axb3 Rb4 40. Rf7 Rxb3+ 41. Kf2 Rb2+ 42. Kf3 Kc6 43. Rxg7 a5 44. Rg6+ Kb7 45. Rxh6 a4 46. Rh4 Rb3+ 47. Kf2 a3 48. Ra4 Rb2+ 49. Kf3 a2 50. h4 c5 51. h5 Rb3+ 52. Kf2 Rb2+ 53. Kf3 Rb3+ 54. Kf2 Rb2+ 55. Kg3 Rb3+ 56. Kf2 1/2-1/2

[Event "FTX Crypto Cup"]
[Site "Miami, FL USA"]
[Date "2022.08.16"]
[Round "2.6"]
[White "Levon Aronian"]
[Black "Jan-Krzysztof Duda"]
[Result "1-0"]
[EventDate "2022.08.15"]
[WhiteElo "2775"]
[BlackElo "2740"]
[PlyCount "146"]

1. c4 e6 2. g3 d5 3. Bg2 Nf6 4. Nf3 d4 5. d3 Nc6 6. O-O Bc5 7. Bg5 h6 8. Bxf6 Qxf6 9. Nbd2 Qd8 10. Ne1 e5 11. Nc2 a5 12. b3 Nb4 13. Ne1 O-O 14. a3 Nc6 15. Nc2 Qe7 16. Ne4 Ba7 17. Rb1 f5 18. Nd2 e4 19. b4 Kh8 20. c5 Be6 21. dxe4 fxe4 22. Bxe4 axb4 23. axb4 Rad8 24. Ne1 Bh3 25. Bg2 Bxg2 26. Kxg2 Rde8 27. Ndf3 Qxe2 28. Qxe2 Rxe2 29. Nd3 Rc2 30. Ra1 Bb8 31. Ra8 b6 32. Nde5 Nxe5 33. Nxe5 Kh7 34. Nc6 bxc5 35. bxc5 Rxc5 36. Rxb8 Rxb8 37. Nxb8 Rc3 38. Nd7 c5 39. Ne5 d3 40. Kf3 c4 41. Ke3 Rc2 42. Kd4 Re2 43. Nxc4 d2 44. Rd1 Rxf2 45. Rxd2 Rf8 46. Ne5 h5 47. Ke4 h4 48. gxh4 Kh6 49. Rg2 Rf1 50. Nf3 Ra1 51. Kf4 Ra4+ 52. Kg3 Kh5 53. Kh3 Kh6 54. Rg4 Ra6 55. Kg3 Ra3 56. Re4 Kh5 57. Re5+ Kg6 58. Rd5 Kh6 59. Kg4 Ra4+ 60. Rd4 Ra6 61. Rd8 Ra4+ 62. Kf5 g6+ 63. Ke5 Kh5 64. Rd4 Ra5+ 65. Kf4 Kh6 66. Kg4 Ra6 67. h5 gxh5+ 68. Kh4 Rg6 69. Ne5 Rg2 70. Rd6+ Kh7 71. Nf3 Rf2 72. Ng5+ Kg7 73. h3 1-0

[Event "European Blitz Championship 2021"]
[Site "Katowice POL"]
[Date "2021.12.17"]
[Round "22"]
[White "Jan-Krzysztof Duda"]
[Black "Ilja Schneider"]
[Result "0-1"]
[EventDate "2021.12.17"]
[WhiteElo "2792"]
[BlackElo "2524"]
[Source "Chess24 website"]
[PlyCount "118"]

1. e4 Nc6 2. Nf3 f5 3. exf5 d5 4. Bb5 Bxf5 5. O-O e6 6. Nc3 Bd6 7. Re1 Ne7 8. Nd4 O-O 9. Nxf5 Nxf5 10. Bxc6 bxc6 11. Qg4 Qf6 12. Rf1 Nd4 13. b3 Nxc2 14. Rb1 Nd4 15. Bb2 Qf4 16. Qxf4 Bxf4 17. Rbd1 Bd6 18. Rfe1 e5 19. Na4 Nc2 20. Re2 Nb4 21. Bxe5 Nxa2 22. Bxd6 cxd6 23. Re6 Rf6 24. Rxf6 gxf6 25. Kf1 Kf7 26. Ra1 Nb4 27. Nc3 a6 28. g3 c5 29. Ne2 Rb8 30. Nf4 d4 31. Ke2 d3+ 32. Kf3 d5 33. Rc1 Rb5 34. h4 Ke7 35. Re1+ Kf7 36. Re6 a5 37. Rd6 c4 38. bxc4 dxc4 39. Rd7+ Ke8 40. Rxh7 Nd5 41. Ne6 a4 42. Ra7 c3 43. dxc3 d2 44. Ke2 Rb2 45. Nc7+ Nxc7 46. Rxc7 a3 47. h5 a2 48. Ra7 d1=Q+ 49. Kxd1 Rb1+ 50. Ke2 a1=Q 51. Rxa1 Rxa1 52. g4 Kf7 53. f3 Rc1 54. Kd2 Rh1 55. c4 Ke6 56. Kd3 Ke5 57. Ke3 Rc1 58. f4+ Ke6 59. Kd4 Rg1 0-1

[Event "Online Olympiad KO Stage 2021"]
[Site "chess.com INT"]
[Date "2021.09.13"]
[Round "1.41"]
[White "Liren Ding"]
[Black "Jan Krzysztof Duda"]
[Result "1-0"]
[EventDate "?"]
[WhiteElo "2799"]
[BlackElo "2756"]
[PlyCount "62"]

1. d4 Nf6 2. c4 e6 3. Nf3 d5 4. Nc3 a6 5. cxd5 exd5 6. Bg5 Be6 7. e3 Nbd7 8. Bd3 h6 9. Bf4 Be7 10. h3 c5 11. a4 O-O 12. O-O Rc8 13. Qe2 Qa5 14. Rfd1 Rfe8 15. Bc2 c4 16. g4 Bb4 17. g5 Bxc3 18. gxf6 Bxb2 19. Rab1 Ba3 20. fxg7 Bxh3 21. Ng5 hxg5 22. Qh5 Kxg7 23. Qh7+ Kf6 24. Bxg5+ Ke6 25. Qxh3+ Kd6 26. Rxb7 Re6 27. Qf5 Rf8 28. Rdb1 Kc6 29. e4 Bd6 30. R1b5 Qe1+ 31. Kg2 1-0

[Event "Online Olympiad KO Stage 2021"]
[Site "chess.com INT"]
[Date "2021.09.13"]
[Round "1.42"]
[White "Jan Krzysztof Duda"]
[Black "Liren Ding"]
[Result "1-0"]
[EventDate "?"]
[WhiteElo "2756"]
[BlackElo "2799"]
[PlyCount "116"]

1. e4 e5 2. Nf3 Nc6 3. Bb5 Nf6 4. O-O Nxe4 5. Re1 Nd6 6. Nxe5 Be7 7. Bf1 Nxe5 8. Rxe5 O-O 9. d4 Bf6 10. Re1 Re8 11. c3 Rxe1 12. Qxe1 Qe7 13. Qxe7 Bxe7 14. Bf4 Ne8 15. a4 d5 16. a5 Bd6 17. Bxd6 Nxd6 18. Na3 Bf5 19. a6 b6 20. Nb5 Ne8 21. Re1 Kf8 22. f3 c6 23. Na3 Nc7 24. Ra1 h5 25. Kf2 b5 26. Ke3 Rb8 27. Bd3 Bxd3 28. Kxd3 Rb6 29. Nc2 Rxa6 30. Rb1 Rb6 31. Ra1 Ra6 32. Rb1 Ke7 33. Nb4 Rb6 34. Ra1 a6 35. Ke3 Kd6 36. Nd3 Rb8 37. h4 g6 38. Ne5 Re8 39. Kf2 Rxe5 40. dxe5+ Kxe5 41. Re1+ Kd6 42. b4 Ne6 43. Ra1 Nc7 44. Ke3 c5 45. Kd3 c4+ 46. Ke3 Ke5 47. g4 d4+ 48. cxd4+ Kd5 49. g5 Ne6 50. Rxa6 Nxd4 51. Ra7 Nf5+ 52. Kd2 Nxh4 53. Rxf7 Nf5 54. Rf6 h4 55. Rxg6 h3 56. Rg8 Nh4 57. Rh8 Nxf3+ 58. Ke3 1-0

[Event "FIDE World Cup 2021"]
[Site "Krasnaya Polyana (Sochi) RUS"]
[Date "2021.08.04"]
[Round "8.1"]
[White "Sergey Karjakin"]
[Black "Jan-Krzysztof Duda"]
[Result "1/2-1/2"]
[EventDate "2021.07.12"]
[WhiteElo "2757"]
[BlackElo "2738"]
[PlyCount "34"]

1. d4 Nf6 2. c4 e6 3. Nf3 d5 4. Nc3 dxc4 5. e4 Bb4 6. Bxc4 Nxe4 7. O-O Nf6 8. Qa4+ Nc6 9. Ne5 Rb8 10. Nxc6 bxc6 11. Rd1 Bd7 12. Bg5 Be7 13. Qxa7 Ra8 14. Qb7 Rb8 15. Qa7 Ra8 16. Qb7 Rb8 17. Qa7 1/2-1/2